000 00547nam a22002057a 4500
005 20220408095005.0
008 220408b ||||| |||| 00| 0 eng d
020 _a0805014098
040 _cAL
041 _aEnglish
082 _223
_a843.912
_bMALA
100 _aAndre Malraux
_928435
245 _aAnti Memoirs
260 _aNew York
_bHenry Holt and company
_c1967
300 _a420 p.
_bPB
_c23x15 cm.
650 _aAnti Memoirs
_928436
700 _aMALRAUX (Andre)
_928437
700 _aKILMARTIN (Terence) tr
_928438
942 _2ddc
_cGF
999 _c222274
_d222274